| 000 | 00809nam a2200205Ia 4500 | ||
|---|---|---|---|
| 005 | 20241216011255.0 | ||
| 008 | 190429s9999||||xx |||||||||||||| ||und|| | ||
| 082 |
_a622.28 _bG85 |
||
| 100 | _aGUADALUPE RIVERA ELIAS COMBERCION | ||
| 245 | 0 | _aCOMPORTAMIENTO DINAMICO DEL SOSTENIMIENTO DE DRAW POINT EN LA MINA ROSAURA DE LA CIA. MINERA PERUBAR S.A. | |
| 250 | _a0 | ||
| 260 |
_aCERRO DE PASCO-PERU _bUNDAC _c2009 |
||
| 300 |
_a82 pag. _c30 cm. |
||
| 341 | _h0 | ||
| 490 |
_v0 _a0 |
||
| 505 | _aGEOLOGIA DE LA MINA ROSAURA/METODO DE EXPLOTACION SUB LEVEL CAVING- ROSAURA/ASPECTOS GEOMECANICOS Y EL COMPORTAMIENTO DINAMICO DEL SUSTENIMIENTO DE DRAW POINT EL LA MINA ROSAURA/SEGURIDAD Y ERGONOMIA EN ROSAURA | ||
| 541 |
_aD _bGUADALUPE RIVERA ELIAS C _d11-Aug-09 _oSoles |
||
| 650 | _aMinas | ||
| 942 | _cTESIS | ||
| 999 |
_c37377 _d37377 |
||